00193nam a2200073Ia 4500008004100000245002700041260004200068260000900110170620s9999 xx 000 0 und d 0aInquiry Training Model bNew Delhi- Discovery Publishing House c2005